[Event "EU-ch Online U18"]
[Site "Tornelo INT"]
[Date "2020.09.20"]
[Round "9"]
[White "Meleqi, Kidas"]
[Black "Coates, Sam"]
[Result "1-0"]
[WhiteElo "1623"]
[BlackElo "1589"]
[PlyCount "109"]
[EventDate "2020.09.18"]
[EventType "swiss (rapid)"]
[EventRounds "9"]
[EventCountry "ENG"]
[SourceTitle "CBM 198 Extra"]
[Source "ChessBase"]
[SourceDate "2020.11.30"]
[SourceVersion "1"]
[SourceVersionDate "2020.11.30"]
[SourceQuality "1"]

1. e4 c6 2. Nc3 d5 3. Nf3 Bg4 4. exd5 cxd5 5. h3 Bxf3 6. Qxf3 e6 7. Bb5+ Nd7 8. 0-0 a6 9. Bxd7+ Qxd7 10. Re1 Nf6 11. d4 Be7 12. Ne2 Rc8 13. c3 0-0 14. Ng3 b5 15. a3 a5 16. Bf4 Rc6 17. Qd3 Rb6 18. Rec1 Rc8 19. f3 Bd6 20. Bxd6 Qxd6 21. Nf1 h6 22. Nd2 Nh5 23. Nb3 Ra8 24. Nc5 Nf4 25. Qe3 Rab8 26. b4 a4 27. Re1 Ng6 28. Re2 Nf4 29. Ree1 Ng6 30. Kf2 Rc8 31. g3 Re8 32. f4 Rbb8 33. Re2 Ne7 34. g4 Ng6 35. Kg3 Qe7 36. Rae1 Qh4+ 37. Kh2 h5 38. Rg1 Qf6 39. Rf1 hxg4 40. Nd7 Qf5 41. Nxb8 Rxb8 42. hxg4 Qxg4 43. Rg2 Qf5 44. Kg1 Kf8 45. Rg5 Qc2 46. f5 exf5 47. Rgxf5 f6 48. Qg5 Ne7 49. R5f3 Rc8 50. Qe3 Qb2 51. Re1 Rc7 52. Qe5 Rb7 53. Qh5 Qd2 54. Ref1 Kg8 55. Qe8+ 1-0

[Event "EU-ch Online U18"]
[Site "Tornelo INT"]
[Date "2020.09.19"]
[Round "6"]
[White "Meleqi, Kidas"]
[Black "Easwaralingam, Adesh"]
[Result "1/2-1/2"]
[WhiteElo "1623"]
[BlackElo "2110"]
[PlyCount "121"]
[EventDate "2020.09.18"]
[EventType "swiss (rapid)"]
[EventRounds "9"]
[EventCountry "ENG"]
[SourceTitle "CBM 198 Extra"]
[Source "ChessBase"]
[SourceDate "2020.11.30"]
[SourceVersion "1"]
[SourceVersionDate "2020.11.30"]
[SourceQuality "1"]

1. e4 c5 2. Nc3 a6 3. g3 b5 4. Bg2 Bb7 5. Nge2 e6 6. d3 Nf6 7. 0-0 d5 8. Bg5 Be7 9. a3 0-0 10. Nf4 d4 11. Nb1 e5 12. Ne2 h6 13. Bxf6 Bxf6 14. Nd2 Nc6 15. h3 Qd6 16. f4 Rac8 17. Rf2 Ne7 18. Qf1 c4 19. fxe5 Bxe5 20. Nf4 c3 21. bxc3 Rxc3 22. Nf3 Bxf4 23. gxf4 Qxf4 24. Nxd4 Qe3 25. Nb3 Rxc2 26. Re1 Qb6 27. Ree2 Rc3 28. Qb1 a5 29. Kh1 Rfc8 30. Qb2 a4 31. Nd2 Rxd3 32. Qe5 Qc5 33. Qf4 Rf8 34. Nf1 Rxa3 35. Kh2 Ng6 36. Qf5 Qxf5 37. exf5 Bxg2 38. fxg6 Bd5 39. Re5 Bc4 40. gxf7+ Rxf7 41. Rxf7 Kxf7 42. Ng3 Ra2+ 43. Kg1 Rg2+ 44. Kxg2 a3 45. Re1 a2 46. Kf2 b4 47. Ne4 Bd3 48. Nd2 Bc2 49. Ke3 b3 50. Nxb3 Bxb3 51. Kd3 Be6 52. h4 Bd5 53. Rg1 Kf6 54. Kd4 Be6 55. Kc3 g5 56. hxg5+ hxg5 57. Kb2 Kf5 58. Rxg5+ Kxg5 59. Ka1 Bb3 60. Kb2 Kf4 61. Ka1 1/2-1/2